000 00967pab a2200205 454500
008 180718b1999 xxu||||| |||| 00| 0 eng d
100 _aNagaraj, N.
245 _aGroundwater institutions in US and India: sustainable and equitable resource use
260 _c1999
300 _ap.A93-104
362 _a26 Jun
520 _aIn India, lack of effective groundwater institutions at the local level has resulted in misallocation, deteriorating quality of water and severe overdrafts. To promote sustainable use of groundwater, India could use the Nebraska model which includes formation of natural resource districts, specifying user rights, permits for extraction, quotas and moratorium on new wells in critical areas. - Reproduced
650 _aGroundwater - India
650 _aGroundwater - United States
650 _aGroundwater
700 _aSampath, R.K.
700 _aFrasier, W. Marshall
773 _aEconomic and Political Weekly
909 _a41470
999 _c41470
_d41470